书目信息 |
| 题名: |
世贸组织运行机制与规则
|
|
| 作者: | 王福明 主编 | |
| 分册: | ||
| 出版信息: | 北京 对外经济贸易大学出版社 |
|
| 页数: | 437页 | |
| 开本: | 32开 | |
| 丛书名: | ||
| 单 册: | ||
| 中图分类: | F743 | |
| 科图分类: | ||
| 主题词: | 商业经济 | |
| 电子资源: | ||
| ISBN: | 7-81000-988-5 | |
| 000 | 00567nam0 2200193 45 | |
| 001 | 0010281615 | |
| 005 | 20001028165116.0 | |
| 010 | @a7-81000-988-5@d21.00元 | |
| 100 | @a20001028d km y0chiy0120 ea | |
| 101 | 0 | @achi |
| 105 | @a z 000yy | |
| 200 | 1 | @a世贸组织运行机制与规则@AShi Mao Zu Zhi Yun Xing Ji Zhi Yu Gui Ze@f王福明主编@FWang Fu Ming Zhu Bian |
| 210 | @a北京@c对外经济贸易大学出版社 | |
| 215 | @a437页@d32开 | |
| 606 | 0 | @a商业经济 |
| 690 | @aF743@v3 | |
| 701 | 0 | @a王福明@4主编 |
| 801 | @aCN@bPftUser@c20001028 | |
| 905 | @b195152-154@dF743@eW526@f3 | |
| 世贸组织运行机制与规则/王福明主编.-北京:对外经济贸易大学出版社 |
| 437页;32开 |
| ISBN 7-81000-988-5:21.00元 |
| ● |
| 相关链接 |
|
|
|
正题名:世贸组织运行机制与规则
索取号:F743/W526
 
预约/预借
| 序号 | 登录号 | 条形码 | 馆藏地/架位号 | 状态 | 备注 |
| 1 | 195152 | 201951520 | 社科库409/409社科库 48排4列2层/ [索取号:F743/W526] | 在馆 | |
| 2 | 195153 | 201951539 | 社科二线422/409社科库 48排4列2层/ [索取号:F743/W526] | 在馆 | |
| 3 | 195154 | 201951548 | 社科二线422/409社科库 48排4列2层/ [索取号:F743/W526] | 在馆 |